000 00557nam a22001577a 4500
003 OSt
005 20151003102656.0
008 151003b xxu||||| |||| 00| 0 eng d
040 _cRUA
082 _aAGR CHH 2007 B034 Or.1
100 _91859
_aCHHEANG, CHANRATANA
245 _aThe sugar cane production in sa ang of kandal province, ផលិតកម្មដំណាំអំពៅក្នុងស្រុកស្អាង ខេត្តកណ្តាល
260 _aPhnom Penh
_bRUA
_c2007
300 _axii; 44p.
_bill.
_c29cm.
942 _2ddc
_cAGR
999 _c1756
_d1756